| 000 | 00572nam a2200169 i 4500 | ||
|---|---|---|---|
| 001 | 28889 | ||
| 003 | ES-MaACL | ||
| 005 | 20230906153939.0 | ||
| 008 | 030120m19241934sp abf |||| | spa d | ||
| 100 | 1 |
_aBalparda, Gregorio de. _925102 |
|
| 245 | 1 | 0 |
_aHistoria crítica de Vizcaya y de sus Fueros / _cpor Gregorio de Balparda. |
| 260 |
_aMadrid : _bArtes de la Ilustración, _c1924-1934 ( _fMayli) |
||
| 300 |
_a2 v. : _bil., 14 lám., 1 map. pleg. ; _c25 cm. |
||
| 650 | 0 | 4 |
_aFueros- _zVizcaya. _912996 |
| 651 | 4 |
_aVizcaya- _xHistoria. _99542 |
|
| 852 |
_aES-MaACL _jB-13065-66 |
||
| 999 |
_c28889 _d28889 |
||